2019-20 Top 10 NBA Total 3-Pointers Leaders - Statistics

General Stats
  • This quiz has been taken 25 times
  • The average score is 5 of 10
Answer Stats
Total 3's made Player % Correct
244 Buddy Hield
79%
271 James Harden
79%
226 Damian Lillard
75%
205 Trae Young
58%
243 Duncan Robinson
50%
184 Zach LaVine
50%
200 Davis Bertans
38%
218 Devonte' Graham
38%
189 Bojan Bogdanovic
29%
185 Tim Hardaway Jr.
13%
No matching quizzes found
Score Distribution
Percent of People with Each Score
Percentile by Number Answered
Your Score History
You have not taken this quiz